South Eastern Kenya University

Library Online Public Access Catalogue


Chemistry : (Record no. 1838)

MARC details
000 -LEADER
fixed length control field 00746nam a2200253 4500
001 - CONTROL NUMBER
control field 3135384
003 - CONTROL NUMBER IDENTIFIER
control field SEKU
005 - DATE AND TIME OF LATEST TRANSACTION
control field 20140826092934.0
008 - FIXED-LENGTH DATA ELEMENTS--GENERAL INFORMATION
fixed length control field 720302s1970 enka 001 0 eng
010 ## - LIBRARY OF CONGRESS CONTROL NUMBER
LC control number 72129936
015 ## - NATIONAL BIBLIOGRAPHY NUMBER
National bibliography number B71-07233
020 ## - INTERNATIONAL STANDARD BOOK NUMBER
International Standard Book Number 0521079942
040 ## - CATALOGING SOURCE
Original cataloging agency DLC
Transcribing agency DLC
Modifying agency DLC
-- SEKU
Language of cataloging eng
050 00 - LIBRARY OF CONGRESS CALL NUMBER
Classification number QD453.2
Item number .S8 1970
082 00 - DEWEY DECIMAL CLASSIFICATION NUMBER
Classification number 541/.3
100 1# - MAIN ENTRY--PERSONAL NAME
Personal name Stranks, D. R.
245 10 - TITLE STATEMENT
Title Chemistry :
Remainder of title a structural view /
Statement of responsibility, etc. [by] D. R. Stranks [and others]
250 ## - EDITION STATEMENT
Edition statement 2d ed.
260 ## - PUBLICATION, DISTRIBUTION, ETC. (IMPRINT)
Place of publication, distribution, etc. London :
Name of publisher, distributor, etc. Cambridge University Press,
Date of publication, distribution, etc. 1970.
300 ## - PHYSICAL DESCRIPTION
Extent x, 516 p. :
Other physical details illus. (some col.) ;
Dimensions 25 cm.
350 ## - PRICE (NR) (BK AM CF MU VM SE) [OBSOLETE]
Price £4.20
650 #0 - SUBJECT ADDED ENTRY--TOPICAL TERM
Topical term or geographic name as entry element Chemistry, Physical and theoretical.
942 ## - ADDED ENTRY ELEMENTS (KOHA)
Source of classification or shelving scheme Library of Congress Classification
Koha item type General circulation
Classification part QD453.2
Item part .S8 1970
Holdings
Withdrawn status Lost status Source of classification or shelving scheme Damaged status Not for loan Home library Current library Date acquired Cost, normal purchase price Total Checkouts Full call number Barcode Date last seen Cost, replacement price Price effective from Koha item type Public note
    Library of Congress Classification     Main Campus Library Main Campus Library 26/08/2014 500.00   QD453.2 .S8 1970 2017/020441 26/08/2014 1000.00 26/08/2014 General circulation Rono
Kitui, Kenya.
+254736116989
library@seku.ac.ke